Quiz sull'Argentina - Statistics

Statistiche generali
  • Questo quiz è stato fatto 2.717 volte
  • Il punteggio medio è 12 su 23
Statistiche sulle risposte
Definizioni Risposte % Corretto
Capitale Buenos Aires
98%
Lingua ufficiale Spagnolo
98%
Calciatore che ha vinto otto volte il Pallone d'oro Lionel Messi
82%
Nome del papa argentino Francesco
81%
Calciatore che segnò il "Gol del Secolo" Diego Armando Maradona
80%
Ballo tipico argentino Tango
74%
Più del 50% della popolazione argentina riconosce una qualche discendenza da avi provenienti da questo paese Italia
71%
Moneta Peso
70%
Catena montuosa di questa montagna Ande
61%
Paese contro cui l'Argentina entrò in guerra nel 1982 Regno Unito
59%
Isole che si contesero in questa guerra Isole F{alkland}
56%
Regione all'estremo sud condivisa con il Cile Patagonia
55%
Rivoluzionario marxista nato in Argentina Ernesto "Che" Guevara
51%
Fertili pianure del nord Pampa
42%
Questo indicatore economico ha raggiunto il 12,000% nel 1989 Inflazione
38%
Gruppo di isole all'estremità meridionale T{erra del fuoco}
38%
Famosa moglie del presidente Peron Evita
34%
Piatto di carne tipico argentino Asado
33%
Cascate al confine col Brasile Cascate dell'I{guazu}
33%
Simbolo che compare all'interno della bandiera S{ol} de M{ayo}
27%
Così è chiamato il "cowboy" argentino Gaucho
24%
Estuario posto tra Argentina e Uruguay Rio de la Plata
24%
Montagna più alta Aconcagua
18%
Nessun quiz corrispondente trovato
Distribuzione punteggi
Percentuale di utenti per punteggio
Percentile per numero di risposta
I tuoi punteggi nel tempo
Non hai fatto questo quiz